000 00441nam a2200181Ia 4500
008 210210b2013 xxu||||| |||| 00| 0 eng d
020 _a9789382126034
041 _aeng
082 _a307.72 SHAR
100 _aSHARMA (B K)
245 _aRural sociology
260 _aNew Delhi
_bAstha Publishers and Distributors
_c2013
300 _av, 264
650 _asociology
650 _aRural
690 _aRural Sociology
906 _a067182
999 _c149490
_d149490